Baby Names: 'C' Boy Names by Decade Quiz Stats

 Plays Quiz Updated Apr 14, 2017

Challenge
Share
Tweet
Embed
Score 0/65 Timer 08:00
13 Plays Today
Decade Name % Correct
1880sCharles
91.3%
1890sCharles
91.3%
1900sCharles
91.3%
1910sCharles
91.3%
1920sCharles
91.3%
1930sCharles
91.3%
1940sCharles
91.3%
1950sCharles
91.3%
1960sCharles
91.3%
1970sCharles
91.3%
1980sCharles
91.3%
1990sCharles
91.3%
1960sChris
85.1%
1950sChristopher
83.2%
1960sChristopher
83.2%
1970sChristopher
83.2%
1980sChristopher
83.2%
1990sChristopher
83.2%
2000sChristopher
83.2%
1880sCharlie
80.8%
1890sCharlie
80.8%
1900sCharlie
80.8%
1880sCarl
75.3%
1920sCarl
75.3%
1890sCarl
75.3%
1900sCarl
75.3%
1910sCarl
75.3%
1930sCarl
75.3%
1940sCarl
75.3%
1950sCarl
75.3%
1960sCarl
75.3%
1990sCameron
57.9%
2000sCameron
57.8%
Decade Name % Correct
1990sChristian
51.1%
2000sChristian
51.1%
2000sConnor
47.3%
1970sChad
47.2%
1980sChad
47.2%
1950sCraig
38.3%
1960sCraig
38.3%
1970sCraig
38.3%
1970sCorey
38.2%
1980sCorey
38.2%
1980sCody
36.3%
1990sCody
36.3%
2000sCaleb
35.3%
1910sChester
34.7%
1940sCurtis
28.5%
1950sCurtis
28.5%
1880sClarence
28.1%
1890sClarence
28.1%
1900sClarence
28.1%
1910sClarence
28.1%
1920sClarence
28.1%
1930sClarence
28.1%
1940sClarence
28.1%
1910sClifford
26.9%
1920sClifford
26.9%
1930sClifford
26.9%
1940sClifford
26.9%
1900sClyde
25.8%
1920sClyde
25.8%
1930sClyde
25.8%
1880sClaude
20.9%
1890sClaude
20.9%

You're not logged in!

Compare scores with friends on all Sporcle quizzes.
Join for Free
OR
Log In

You Might Also Like...

Show Comments

Extras

Top Quizzes Today


Score Distribution

Your Account Isn't Verified!

In order to create a playlist on Sporcle, you need to verify the email address you used during registration. Go to your Sporcle Settings to finish the process.

Report this User

Report this user for behavior that violates our Community Guidelines.

Details: